[Event "Evry op"]
[Site "Evry"]
[Date "2007.11.01"]
[Round "2"]
[White "Zhao, Nicolas"]
[Black "Koum, Rene"]
[Result "0-1"]
[WhiteElo "1520"]
[BlackElo "1771"]
[PlyCount "74"]
[EventDate "2007.10.31"]
[EventType "swiss"]
[EventRounds "9"]
[EventCountry "FRA"]
[SourceTitle "EXT 2009"]
[Source "ChessBase"]
[SourceDate "2008.11.26"]
[SourceVersion "1"]
[SourceVersionDate "2008.11.26"]
[SourceQuality "1"]

1. e4 c5 2. Nf3 e6 3. d4 cxd4 4. Nxd4 Nf6 5. Nc3 a6 6. Be3 Qc7 7. f3 d6 8. Qd2 Be7 9. 0-0-0 b5 10. a3 Bb7 11. Ndxb5 axb5 12. Nxb5 Qd7 13. e5 Nd5 14. exd6 Bd8 15. c4 Nxe3 16. Qxe3 0-0 17. c5 Bc6 18. Nc3 Qb7 19. Ne4 Nd7 20. Kb1 Nf6 21. Nd2 Rb8 22. Qd4 Nd5 23. Nc4 Bf6 24. Qf2 Nc3+ 25. Kc1 Nxd1 26. Kxd1 Bxb2 27. Nb6 Bxa3 28. Bd3 Bxc5 29. Qxc5 Qxb6 30. Qc2 Ra8 31. Ke2 Bb5 32. Rd1 Bxd3+ 33. Rxd3 Qa6 34. Kf1 Rac8 35. Qd2 Rfd8 36. h3 Rc6 37. d7 Rxd7 0-1

[Event "Evry op"]
[Site "Evry"]
[Date "2007.10.31"]
[Round "1"]
[White "Dugauguez, Eric"]
[Black "Zhao, Nicolas"]
[Result "1-0"]
[WhiteElo "1969"]
[BlackElo "1520"]
[PlyCount "77"]
[EventDate "2007.10.31"]
[EventType "swiss"]
[EventRounds "9"]
[EventCountry "FRA"]
[SourceTitle "EXT 2009"]
[Source "ChessBase"]
[SourceDate "2008.11.26"]
[SourceVersion "1"]
[SourceVersionDate "2008.11.26"]
[SourceQuality "1"]

1. Nf3 Nc6 2. d4 d5 3. c4 e6 4. Nc3 Nf6 5. Bg5 Bb4 6. e3 h6 7. Bh4 g5 8. Bg3 Ne4 9. Qc2 Bd7 10. Be2 Nxg3 11. hxg3 Qe7 12. a3 Bxc3+ 13. Qxc3 0-0-0 14. b4 dxc4 15. b5 Nb8 16. Qxc4 Qd6 17. 0-0 f6 18. Rac1 a6 19. a4 g4 20. Nh4 Rdg8 21. Rc2 Rh7 22. Rfc1 Be8 23. Bd3 Re7 24. Nf5 exf5 25. Bxf5+ Kd8 26. Qxg8 axb5 27. axb5 h5 28. Rc5 Rf7 29. Bg6 Rf8 30. Qh7 Bxg6 31. Qxg6 Nd7 32. Rxh5 Qa3 33. Qc2 Qd6 34. Rh7 f5 35. Qa4 Nb6 36. Qa7 Kc8 37. Ra1 c6 38. Qxb7+ Kd8 39. Qxb6+ 1-0